000 01077nam a2200253 a 4500
001 79581
003 BD-RjUL
005 20220615152109.0
008 220320s2016 bg a|||| m||| 00| 0 eng d
035 _a(BD-RjUL)79581
040 _aBD-RjUL
_beng
_cBD-RjUL
_dBD-RjUL
041 _aeng
082 _a636.513
_bROC 2016
_223
100 _aRokonuzzaman, Md.
_91927
245 _aComparison of broiler production performance in three major seasons in Bangladesh /
_cBy Md. Rokonuzzaman ;
_6Principal Supervisor: Syed Sarwar Jahan ; Co-Supervisor: Md. Shawkat Ali
260 _aRajshahi :
_bDepartment of Animal Husbandry and Veterinary Science, University of Rajshahi,
_c2016
300 _axxvi, 222 Leaves :
_bill. ;
_c29 cm.
502 _aThesis (Ph. D.) -- Department of Animal Husbandry and Veterinary Science, University of Rajshahi, 2016
504 _aReferences : Leaves 168 - 203
650 _aBroilers (Chickens)
_zBangladesh
_93640
700 _aJahan, Syed Sarwar, Principal Supervisor
_91929
700 _aAli, Md. Shawkat, Co-Supervisor
_91930
942 _2ddc
_cTHE
999 _c79581
_d79581